000 nam a22 7a 4500
999 _c460688
_d460688
003 BLK
005 20220613132254.0
008 210319b bu ||||| |||| 00| 0 bu d
040 _aBLK
041 _aBUL
_cBUL
080 _aВъздържание, умереност при храненето като лечебен фактор. Ограничителна диета. Вж и 613. 24/. 25
_b615.874.1
_z615.874.1
100 _91299
_aДемирева, Мара
_eпърви автор
139 _aДемирева, Мара
245 _aИзменения в храненето на българския народ
_cМара Демирева
_bБиол. и соц.-икон. изследване
260 _9406277
_aСофия
_bБАН
_c1968
_dМНЗСГ
300 _a106 с.
_c23 см
380 _a61
650 0 _9244312
_aЛечебно хранене
653 0 _9466281
_aдиетични режими
852 _aЦб 44393
_bЦб
942 _cKNG
_n0
_s1
944 _aCR
_c2022-06-13
_kВ. т.